| 000 | 00000nam 2200000za 4500 |
| 001 | 9.590241 |
| 003 | CaOODSP |
| 005 | 20210624200030 |
| 007 | cr ||||||||||| |
| 008 | 150406s2002 onc|||||o f|0| 0 eng d |
| 020 | |a0-660-62178-9 |
| 040 | |aCaOODSP|beng |
| 041 | |aeng |
| 041 | |afre |
| 043 | |an-cn--- |
| 086 | 1 |aS52-2/248-2002-IN |
| 110 | 1 |aCanada. |bPublic Works and Government Services Canada. |bTranslation Bureau. |
| 245 | 10|aGyroscopic instruments glossary |h[electronic resource]. |
| 260 | |aOttawa : |bPublic Works and Government Services Canada, |c2002. |
| 300 | |a247 p. : |bglossary. |
| 490 | 1 |aTerminology bulletin ; |vNo. 248 |
| 500 | |a"... intended primarily for technical translators and other language professionals working in aeronautics, aerospace and astronautics."--Foreword. The catalogue number (S52-2/248-2002) and ISBN (0-660-62177-0) for the print edition have been incorrectly copied in this PDF edition. |
| 504 | |aBibliography. |
| 590 | |a14-15-Supp|b2014-09-04 |
| 690 | 07|aTerminology|2gcpds |
| 690 | 07|aPersons with disabilities|2gcpds |
| 792 | |tLexique des instruments gyroscopiques |efre|w(CaOODSP)9.590242 |
| 830 | #0|aTerminology bulletin ;|vNo. 248|w(CaOODSP)9.500139 |
| 856 | 40|ahttp://publications.gc.ca|qPDF|s554 KB|uhttps://publications.gc.ca/collections/collection_2007/pwgsc-tpsgc/S52-2-248-2002.pdf |